[Event "Corus"]
[Site "Wijk aan Zee"]
[Date "2007.01.16"]
[Round "4"]
[White "Topalov, Veselin"]
[Black "Shirov, Alexei"]
[Result "1-0"]
[WhiteElo "2783"]
[BlackElo "2715"]
[Annotator "Krasenkow,M"]
[PlyCount "81"]
[EventDate "2007.01.13"]
[EventType "tourn"]
[EventRounds "13"]
[EventCountry "NED"]
[EventCategory "19"]
[SourceTitle "CBM 117"]
[Source "ChessBase"]
[SourceDate "2007.03.30"]
[SourceVersion "1"]
[SourceVersionDate "2007.03.30"]
[SourceQuality "1"]

1. d4 Nf6 2. c4 g6 3. Nc3 d5 4. cxd5 Nxd5 5. e4 Nxc3 6. bxc3 Bg7 7. Bc4 c5 8.
Ne2 Nc6 9. Be3 O-O 10. O-O Bg4 11. f3 Na5 12. Bd3 cxd4 13. cxd4 Be6 14. d5 Bxa1
15. Qxa1 f6 16. Qd4 Bf7 17. Bh6 Re8 18. Bb5 e5 19. Qf2 Re7 20. f4 exf4 21. Qxf4
Qb6+ 22. Kh1 Bxd5 23. exd5 Qxb5 24. Qxf6 Qe8 25. Qd4 {An attempt of
improvement on the game Najer-Krasenkow, analysed in CBM 110.} (25. Nf4 Rf7 26.
Qc3 Qd8 27. Rc1 b5 28. Qg3 Rc8 29. Re1 Re7 30. Rf1 Qd6 31. Bg5 Rf7 32. h4 Nc4
33. Re1 Rcf8 34. Re6 Qa3 35. Qxa3 Nxa3 36. d6 Rd7 37. Nd5 Rf1+ 38. Kh2 Kf7 39.
Nc7 Nc4 40. Re7+ Rxe7 41. dxe7 Nd6 42. Be3 Kxe7 43. Bxa7 Kd7 44. Nd5 Rf5 45.
Nb4 Rf4 46. Nd3 Rxh4+ 47. Kg3 Nf5+ {0-1 Najer,E-Krasenkow,M/Saint Vincent 2005/
CBM 110}) (25. Bd2 {[%cal Rd2c3]} Qf8 26. Qa1 $1 Rxe2 27. Rxf8+ Rxf8 28. Bh6 $5
(28. Bxa5 Rxa2 29. Qe1 Rxa5 30. Qe6+ $11) 28... Rf7 29. h3 {deserves attention
although Black should not lose after} Nc4 30. Qd1 Re8 31. Qa4 Nd6 32. Qxa7 Rf5)
25... Rd8 $146 (25... Rc8 $5 {is another important option. Here is a practical
example:} 26. Ng3 Rf7 27. Rxf7 Qxf7 28. h3 $36 Rc4 $2 (28... g5 $5 29. Bxg5 Qg6
30. Bh4 {[%cal Yg3e4]}) 29. Qe5 Rc8 30. Ne4 Nc4 31. Nf6+ (31. Qd4 $18) 31...
Kh8 32. Qd4 $18 {-> 1/2-1/2 Del Rio Angelis,S-Konguvel,P/Badalona 2006/CBM 113
ext (46)}) 26. h3 $1 {[%mdl 4]} (26. Ng3 $2 Rf7 27. Rxf7 Qxf7 28. Qc3 Nc6 29.
h4 Rxd5 30. Ne4 Re5 $19 {0-1 Moskalenko,A-Danin,A/Moscow RUS 2007/The Week in
Chess 639 (70)}) 26... Rf7 27. Rxf7 Qxf7 28. Qc3 b6 29. Ng3 $44 Nb7 $2 {
A terrible mistake.} (29... Re8 $1 {to prevent Ne4 was absolutely necessary.
After} 30. Qd4 {[%cal Rg3e4] Black should probably continue} g5 $1 31. Bxg5 Qg6
{with good chances to successfully defend, e.g.} 32. Bf4 Rf8 $1 (32... Qg7 $143
33. Qd1 $1 {[%cal Yg3h5]}) 33. Be5 (33. d6 Nc6 34. Qd5+ Qf7 35. Qg5+ Qg6 $11)
33... Rd8 $1 {[%cal Ra5c6]} 34. d6 Qe6 35. Bf4 Nc6 $13) 30. Ne4 Qe7 31. Nf6+
Kf7 32. Nxh7 Kg8 33. Nf6+ Kf7 34. Ng4 $1 {White has recaptured a pawn and his
attack continues.} Kg8 (34... Rxd5 35. Qg7+ Ke6 36. Qxg6+ Kd7 37. Nf6+ $18) 35.
Qd2 Re8 36. Qf4 Qd6 {Black is ready for an endgame a pawn down but White
prefers to attack!} 37. Qf2 $1 Qc5 38. Qg3 (38. Qf1 $5 Qe7 39. Nf6+ Kf7 40.
Nxe8+ Kxe8 41. Qf4 {and White should win.}) 38... Qd4 {Other defences are
equally insatisfactory:} (38... Qe7 39. Qf3 (39. Qf4 Qd6 40. Qf2 Qc5 41. Qf1 {
is possible, too, of course}) 39... Rc8 40. Qf4 Qd6 41. Qd4 Qe7 42. Nf6+ Kf7
43. Ne4 Kg8 44. d6 $18) (38... Qd6 39. Qc3 (39. Qf2) 39... Re7 40. Bg5 Re2 41.
Nf6+ Kf7 42. Ne4 $1 Rxe4 43. Qf3+ $18) 39. Kh2 $1 {[%cal Rg3c7,Rg3h4] A quiet
move with deadly threats.} Nd8 40. Qd6 $1 Ne6 41. Be3 $1 1-0

[Event "Morelia/Linares 24th"]
[Site "Morelia/Linares"]
[Date "2007.02.25"]
[Round "7"]
[White "Topalov, Veselin"]
[Black "Morozevich, Alexander"]
[Result "1-0"]
[WhiteElo "2783"]
[BlackElo "2741"]
[Annotator "Marin,M"]
[PlyCount "95"]
[EventDate "2007.02.17"]
[EventType "tourn"]
[EventRounds "14"]
[EventCountry "ESP"]
[EventCategory "20"]
[SourceTitle "CBM 117"]
[Source "ChessBase"]
[SourceDate "2007.03.30"]
[SourceVersion "1"]
[SourceVersionDate "2007.03.30"]
[SourceQuality "1"]

1. e4 e6 2. d4 d5 3. Nc3 Nf6 4. e5 Nfd7 5. f4 c5 6. Nf3 Nc6 7. Be3 a6 8. Ne2 ({
A rare move, aimed to consolidate the d4-square at the cost of delaying the
development of the queenside The normal continuation is.} 8. Qd2 {. I would
quote here a recent example form the practice of another great French expert,
which bears some similarity with our main game:} b5 9. a3 g5 $5 {and Black
managed to undermine White's centre, although the position remained
complicated, Jakovenko-Bareev, Sochi 2006.}) 8... Qb6 9. Qc1 g5 $6 {Not only
typical for the French opening, but also for Morozevich' enterprising and
original style of play. However, the tension created by this move has a double
edged character. Black is not allowed to slow down his initiative, because
otherwise several of his minor pieces (the d7-knight, the c8-bishop) would
remain passive.} ({In case of} 9... cxd4 $6 10. Nexd4 Bc5 11. c3 {the fight
for the central dark squares could continue with} f6 $5 12. b4 $1 $36) ({
Maybe Black should not be in a hurry to drive the enemy king away from the
centre. After} 9... f6 $5 10. c3 Be7 11. g3 O-O {the king would actually have
a harder time finding a safe square.} 12. Bh3 (12. Bg2 cxd4 13. cxd4 Bb4+ 14.
Kf2 Qb5 {[%csl Ge2]} 15. Rf1 Nb6 16. b3 Bd7 $132) 12... cxd4 13. cxd4 fxe5 14.
Bxe6+ (14. Nxe5 Ndxe5 15. fxe5 Bb4+ $17) 14... Kh8 $44) 10. c3 (10. fxg5 cxd4
11. Nexd4 Ncxe5 $132) 10... cxd4 11. cxd4 Bb4+ 12. Kf2 f6 (12... gxf4 13. Nxf4
$16 {/\Bd3}) 13. g3 (13. exf6 Nxf6 14. Nxg5 Ng4+ 15. Kg1 (15. Kg3 $6 e5 $1 16.
fxe5 Rg8 $36) 15... Be7 {/\e5} 16. Nf3 Nxe3 17. Qxe3 Qxb2 $13) 13... Rf8 (13...
gxf4 14. gxf4 fxe5 (14... Nf8 15. exf6) 15. fxe5 Nf8 16. Nf4 $14 {[%csl Gf6]})
14. Kg2 g4 (14... gxf4 15. gxf4 Rg8+ 16. Ng3 fxe5 17. fxe5 Nf8 18. Rg1 Bd7 19.
Kh1 Be7 20. Nh5 Rxg1+ 21. Bxg1 O-O-O 22. Nf6 $14) 15. Nh4 Rg8 ({Optically
speaking,} 15... f5 {looks safer, but in this case Black would have needed
several tempi to complete his development. White could use this time to
"organize" some piece sacrifice for two pawns in order to get a threatening
central avalanche.}) 16. h3 h5 17. hxg4 hxg4 18. Nc3 fxe5 19. fxe5 Ncxe5 $6 ({
Another typical sacrifice. Black solves the problems of development in radical
way, putting the enemy king in danger at the same time. Apparently, Morozevich
is delighted with having such positions with either colour. During the World
Championship held in Moscow he managed to repell Gurevich' attack and convert
his extra-piece into a win, which proved decisive for the final result of
their mini-match. In our concrete case, the sacrifice might not be entirely
sound, but is hard to meet over the board. Besides, in case of a neutral
developing move such as} 19... Nf8 {(preparing ...Bd7 and ...0-0-0), White
could consider sacrificing himself with} 20. Nf5 $5) (19... Nxd4 20. Nf5 $5
exf5 21. Nxd5 Qc6 (21... Qa5 22. Bc4 Ne6 23. Rh6 Nxe5 24. Bb6 Qa4 25. Bb3 Qc6
26. Qxc6+ Nxc6 27. Nf6+ $16 {Shipov}) 22. Qxc6 bxc6 23. Nxb4 (23. Nc7+ Kd8 24.
Nxa8 Bb7 $5 $132) 23... c5 24. Kf2 Bb7 (24... Nxe5 $2 25. Bxd4 cxd4 26. Re1 $18
) 25. Rh6 $16) 20. dxe5 d4 21. Na4 Qa5 22. Qc4 Nxe5 23. Qxd4 {Black has only a
pawn (and rather insufficient compensation) for his piece, but the position is
completely chaotic. Remarkably, White will miss several opportunities to
consolidate his advantage.} Nf3 (23... Bd7 24. Nb6 Bc6+ 25. Kh2 (25. Kg1 $5)
25... Rd8 26. Nc4 $1 (26. Qf4 Rh8 $1 {/\Rxh4}) 26... Nxc4 27. Qxc4 $16) 24.
Nxf3 gxf3+ 25. Kf2 Qxa4 26. Bd3 {White has returned his material advantage for
the sake of rapid development. However, the position of his king remains
relatively exposed.} Qd7 27. Qe4 $2 (27. Rh8 $1 Qxd4 28. Rxg8+ Kf7 29. Bxd4
Kxg8 30. Rh1 $18) 27... Bd6 (27... Qg7 $5 {[%csl Gb2,Gg3]}) 28. Rag1 $6 (28.
Rh7 $1 Qc6 (28... Bxg3+ 29. Kxf3 $18 {/\Rg1}) 29. Qxc6+ bxc6 30. Be4 Bd7 31.
Rg1 $16) 28... Qg7 $132 29. Rh6 Qxb2+ 30. Kxf3 Rf8+ 31. Bf4 Qe5 32. Qg6+ Kd8
33. Kg2 Qb2+ 34. Kh1 Bxf4 35. gxf4 Bd7 36. Be4 Kc7 $2 ({Rather careless.} 36...
Qd4 {, centralising the queen or}) (36... Rh8 {, aiming for simplifications,
were entirely viable.}) 37. Rb1 Qf2 38. Rxb7+ $2 ({This premature check leaves
the win slip away (true, only temporarily). It would have been better to keep
the threat of capturing on b7 in reserve with} 38. Qg7 {, adding a new one:
Rh7. Black would have been without defence.}) 38... Kc8 39. Rb1 Ra7 40. f5 Rc7
$2 ({A fatal mistake, just before the time control. It is not easy to foresee
why this move is losing, but on general ground, centralising the queen with
tempo would have been a wise idea. For instance} 40... Qf4 {and only after} 41.
Re1 {the rook could come into play with} Rc7 {. The main difference is that
after} 42. fxe6 $2 Be8 {the h6-rook is hanging.}) 41. fxe6 Be8 42. Qg5 {
White is a pawn up and his king is in absolute safety. The long diagonal, the
h-file and the back rank are well defended. The black king is under no
immediate threat, but one can smell the danger approcahing.} Qd4 ({It is too
late now for} 42... Qf4 {because of} 43. Qxf4 Rxf4 44. Rh8 Re7 45. Bg6 {
, winning the bishop.}) 43. Bg2 Rf4 44. e7 Rc5 45. Qg3 Rc3 46. Qe1 Re3 47. Qa5
Bb5 48. Rc1+ 1-0

[Event "Sofia MTel Masters 3rd"]
[Site "Sofia"]
[Date "2007.05.16"]
[Round "6"]
[White "Nisipeanu, Liviu Dieter"]
[Black "Topalov, Veselin"]
[Result "0-1"]
[WhiteElo "2693"]
[BlackElo "2772"]
[Annotator "Ftacnik,L"]
[PlyCount "108"]
[EventDate "2007.05.10"]
[EventType "tourn"]
[EventRounds "10"]
[EventCountry "BUL"]
[EventCategory "19"]
[SourceTitle "CBM 118"]
[Source "ChessBase"]
[SourceDate "2007.05.31"]
[SourceVersion "1"]
[SourceVersionDate "2007.05.31"]
[SourceQuality "1"]

1. e4 c5 2. Nf3 d6 3. d4 cxd4 4. Nxd4 Nf6 5. Nc3 a6 6. Be3 e5 7. Nde2 Be6 8. f4
g6 {Nisipeanu has a pet line with the rare move 7.Nde2 which is growing into
an independent system. Topalov must have known he would be facing it, so his
setup is clearly the fruit of home preparation.} 9. h3 h5 $5 {Actually this
idea is the key to the defender's strategy. Restricting the advance g2-g4 may
leave the knight on e2 in a truly awkward situation.} (9... Nc6 10. g4 d5 11.
fxe5 Nxe5 $11) 10. fxe5 (10. Qd3 Nc6 11. O-O-O $13) 10... dxe5 11. Qxd8+ Kxd8
12. O-O-O+ Nbd7 13. Ng1 $5 {Nisipeanu has indirectly admitted, that Black has
found a kind of antidote to the ambitions of 7.Nde2 move. Redirecting the
knight from e2 to the more promising square f3 increases the harmony in
White's position.} (13. g3 Kc7 14. Bg2 Bh6 $11) 13... Rc8 14. Bd3 (14. Nf3 Rxc3
$5 15. bxc3 Ba3+ 16. Kb1 Nxe4 17. Rd3 Kc7 $15) (14. Bg5 Bh6 15. Bxh6 Rxh6 16.
Nf3 Ke7 17. Ng5 h4 $11) 14... Bh6 15. Bxh6 Rxh6 16. Nf3 Ke7 17. Ng5 (17. h4
Rhh8 18. Rhe1 Rhd8 $11) 17... h4 {This modest move fixing the pawn structure
on the kingside will prove to be very useful in the long run.} 18. Be2 Rc5 19.
Rhf1 (19. Rd2 Rh8 20. Rhd1 Rhc8 $11) 19... Rh8 20. Rd3 Rhc8 21. Kd2 b5 (21...
Bc4 22. Rdf3 b5 23. a3 $11) 22. a3 a5 $1 23. b4 (23. Nxe6 fxe6 24. Nxb5 $2
Rxc2+ 25. Ke1 Rxb2 $19) 23... axb4 24. axb4 R5c6 {Topalov has managed to
provoke the move b2-b4 and White has to fight for equality.} (24... Rc4 25.
Rdf3 Rxb4 26. Nxe6 fxe6 27. Bd3 $15) 25. Rdf3 Bc4 26. Bxc4 (26. Nxb5 $2 Bxb5
27. Bxb5 Rxc2+ 28. Kd1 Rxg2 29. Bxd7 Ra8 $17) 26... Rxc4 27. Ra1 (27. Rb1 Nf8 (
27... Nb6 28. Ra1 Na4 (28... Rd8+ 29. Kc1 Rxb4 30. Ra7+ Rd7 31. Ra6 Rd6 32.
Ra7+ $11) 29. Nxb5 Rxc2+ 30. Ke3 Rxg2 31. Nxf7 Rcc2 32. Rxa4 Rge2+ 33. Kd3
Red2+ $11) 28. Ra1 Ne6 29. Nxe6 Kxe6 $15) 27... Rxb4 28. Nd5+ {[%mdl 4096]
Nisipeanu is pinning his hopes on the active approach with counterplay and
active pieces.} (28. Ra7 $5 Ke8 (28... Rbc4 29. Nd5+ Nxd5 30. Rxf7+ Ke8 31.
exd5 Rxc2+ 32. Kd1 R2c7 33. Rxc7 Rxc7 34. d6 Rc4 35. Re7+ Kd8 36. Rg7 $11) 29.
Ra5 Rd4+ 30. Ke1 Rdc4 31. Nxb5 Ke7 32. Na3 R4c5 $15) 28... Nxd5 29. Rxf7+ Kd6 (
29... Ke8 30. exd5 Rd4+ 31. Ke1 Rxd5 32. Rg7 Nf8 33. Ne4 Rc6 $11) 30. exd5 Rd4+
31. Kc1 (31. Ke1 $5 {One of the tough decisions for White. The feeling that
his king should protect the pawn c2 is quite understandable.} Ra4 (31... Rxd5
32. Ne4+ Ke6 (32... Kc6 $2 33. Ra6+ Kc7 34. Nf6 Rd6 35. Ra7+ $18) 33. Ng5+ Kd6
$11) 32. Rc1 e4 $17) 31... Nc5 32. Raa7 e4 (32... Kxd5 33. Nf3 Rc4 34. Kd1 Rd8
$17) 33. Ne6 $5 Rc4 (33... Nxe6 $2 34. Rad7+ Ke5 35. dxe6 $11) 34. Nxc5 R8xc5 (
34... Kxc5 35. Rad7 e3 36. Kd1 Kb4 $17) 35. Rad7+ Ke5 36. Rf2 {White has
managed to exchange the knights and he still keeps the material balance.
Unfortunately Topalov's pieces are better coordinated and he can eliminate the
d5 pawn at any moment.} (36. Rde7+ Kxd5 37. Rf2 Kd6 38. Rg7 g5 39. Rg6+ Ke5 40.
Rxg5+ Kd4 $17) 36... b4 (36... Rc7 $1 37. Rd8 Rc8 38. Rxc8 Rxc8 $17) 37. Re7+
Kd6 (37... Kxd5 $2 38. Rd2+ Kc6 39. Kb2 $11) 38. Rb7 (38. Re6+ Kxd5 39. Rxg6 b3
$1 $17) 38... Kxd5 39. Kb2 (39. Re2 e3 40. Rg7 (40. Rxe3 Rxc2+ 41. Kb1 Rc1+ 42.
Kb2 R5c2+ 43. Kb3 Rxg2 44. Rxb4 Rb1+ 45. Ka4 Rxb4+ 46. Kxb4 Rg3 $19) 40... b3
41. Rxe3 Rxc2+ 42. Kb1 Rxg2 $17) 39... e3 40. Re2 Re4 $1 {From this moment
onwards the e3-pawn becomes a superpower in the endgame struggle.} 41. Kb3 (41.
Rd7+ Ke5 (41... Kc4 42. Rd3 Rce5 43. Rb3 Re7 44. Rd3 $13) 42. Rf7 Rd5 43. Rf3
Kd4 $17) 41... Ke5 42. Rf7 (42. Rxb4 Rxb4+ 43. Kxb4 Kd4 $1 44. Rxe3 Rxc2 45.
Rf3 Ke4 46. Rb3 Rxg2 $19) 42... g5 43. Rf8 Rd5 44. c4 Rd7 $5 {A fine move
proving, that coordination is more important than sheer material. Black's king
plans to enter the fight via the d4-square with crushing effect.} (44... bxc3
45. Kxc3 Ra5 46. Rf7 (46. Re8+ Kf4 47. Rf8+ Rf5 $19) 46... Ra3+ 47. Kb2 Rd3 48.
Kc2 $17) 45. Re1 (45. Kxb4 $2 Kd4 $1 46. Rf1 Rb7+ 47. Ka5 Kxc4 $19) 45... Rd2
46. Kxb4 Rxg2 47. Kc3 Rg3 48. Re8+ (48. Kd3 e2+ 49. Kd2 Rxh3 $19) 48... Kf5 (
48... Kf4 $4 49. Rf1+ Rf3 50. Rf8+ $18) 49. Rf1+ Kg6 $1 {It was not too late
to spoil everything with the greedy approach and transfer of the king to the
queenside. Topalov played the endgame with great confidence...} (49... Rf4 50.
Rf8+ Ke5 51. Re8+ Kd6 $2 52. Rd1+ $11) 50. Rxe4 e2+ 51. Rf3 Rxf3+ 52. Kd2 Rxh3
53. c5 (53. Rxe2 Ra3 54. c5 Ra2+ 55. Kd3 Rxe2 $19) 53... Ra3 54. c6 (54. Rxe2
Ra2+ 55. Kd3 Rxe2 56. Kxe2 Kf5 $19) 54... Ra2+ (54... Ra2+ 55. Kd3 Ra6 $19) 0-1

[Event "Corus"]
[Site "Wijk aan Zee"]
[Date "2008.01.18"]
[Round "6"]
[White "Leko, Peter"]
[Black "Topalov, Veselin"]
[Result "0-1"]
[WhiteElo "2753"]
[BlackElo "2780"]
[Annotator "Ftacnik,L"]
[PlyCount "132"]
[EventDate "2008.01.12"]
[EventType "tourn"]
[EventRounds "13"]
[EventCountry "NED"]
[EventCategory "20"]
[SourceTitle "CBM 122"]
[Source "ChessBase"]
[SourceDate "2008.01.30"]
[SourceVersion "1"]
[SourceVersionDate "2008.01.30"]
[SourceQuality "1"]

1. e4 c5 2. Nf3 d6 3. d4 cxd4 4. Nxd4 Nf6 5. Nc3 a6 6. Be3 e5 7. Nb3 Be6 8. f3
h5 9. Qd2 Nbd7 10. a4 Be7 11. Be2 Qc7 12. O-O O-O 13. Rfd1 Rfd8 {Topalov plays
Sicilian positions with great feeling for them and often finds subtle
improvements in different lines. The text move is technically new, but it is
the idea of advancing b5 that counts as a real contribution.} (13... Nb6 14. a5
Nc4 15. Bxc4 Qxc4 16. Na4 Rad8 17. Nb6 Qb5 18. Qd3 Qxd3 19. Rxd3 d5 20. Bc5
dxe4 21. fxe4 Rxd3 22. cxd3 Re8 23. Bxe7 Rxe7 24. Nc5 Rc7 25. b4 {1-0
Rytshagov,M (2533)-Astrom,R (2462)/Gothenburg 1999 (55)}) 14. a5 b5 $5 15. Nd5
{Leko plays very cautious chess, so he had no desire to unleash the black
pieces with a grab of a pawn.} (15. axb6 Nxb6 16. Rxa6 Rxa6 17. Bxa6 d5 $1 18.
Nb5 Qb8 19. Na5 Bd7 (19... dxe4 20. Qxd8+ Bxd8 (20... Qxd8 21. Rxd8+ Bxd8 22.
Nc6 Nbd5 23. Bc5 Bb6 24. Bxb6 Nxb6 25. Nxe5 $16) 21. Nc6 $18) 20. exd5 Nfxd5
$44) 15... Bxd5 (15... Nxd5 16. exd5 Bf5 17. Rac1 Rdb8 18. Bd3 Bxd3 19. Qxd3
Qc4 $11) 16. exd5 Rac8 17. c3 (17. Rac1 Qb7 18. c3 Re8 $13) 17... Qb7 18. Ra3
g6 19. Na1 {Black decided to part with the e6 bishop, but in consequence left
the c6-square vulnerable. Leko is ready to play a rather unsual manoeuvre with
his miplaced knight to bring it to c6.} Re8 (19... e4 20. f4 Ne5 $5 21. fxe5
dxe5 22. d6 (22. Ra2 Nxd5 $17) 22... Rxd6 23. Qxd6 Bxd6 24. Rxd6 Nd5 $13) 20.
Nc2 Bf8 21. Nb4 Bg7 22. Rc1 (22. h3 e4 23. f4 Nc5 24. Bd4 e3 25. Bxe3 Qe7 26.
Nc2 Nfe4 27. Qe1 Bf6 $132) 22... e4 $1 {It was obvious, that Black will try to
capitalize on his pawn majority on the kingside. White must be careful not to
let the enemy pieces intrude on his territory.} 23. f4 (23. fxe4 $6 Nxe4 24.
Qe1 f5 $17) 23... Ng4 24. Bxg4 (24. Bd4 $2 e3 $1 25. Qe1 Nh6 $17) 24... hxg4
25. Qe2 (25. Nc6 Nc5 26. Bxc5 dxc5 27. Re1 Qd7 $15) 25... Nf6 (25... f5 26. Nc6
Nb8 $13) 26. Rd1 Rc4 27. Qd2 (27. Raa1 Qc8 28. Rd4 Rc7 29. Rdd1 Nh5 $13) 27...
Qc8 28. Raa1 g3 $5 {Topalov is best when playing active aggressive ideas. The
sacrifice of a pawn is unpleasant for White, since it would be painful to
defend the king after grabbing it.} (28... Nh5 29. Qf2 Bf6 $13) 29. h3 (29.
hxg3 Ng4 $1 30. Nc2 Qf5 31. Kf1 Bf6 $15) 29... Nh5 30. Rac1 (30. Nc6 $5 Qd7 31.
Rdc1 Nf6 32. b3 Rxc6 33. dxc6 Qxc6 $13) 30... Bh6 31. b3 {This move deserves
some explanation. Leko was unsure about the consequences of trapping Black's
rook on c4 forcing the exchange sacrifice for the knight c6. He prefers to
kick the rook away and Black will not be forced to take on c6!} (31. Nc6 Ng7 $1
32. b3 Rxc6 33. dxc6 Nf5 $15) 31... Rc7 32. Nc6 Ng7 (32... Qf5 33. Rf1 Rb7 $15)
33. c4 bxc4 34. Rxc4 (34. bxc4 Rb7 35. Rb1 Rxb1 36. Rxb1 Nf5 37. Rb6 Bg7 $15)
34... Qd7 35. Qc2 Rb7 {Topalov was not on his best form in Wijk aan Zee and
thus he avoids the risk connected with the more enterprising idea 35...Nf5!?} (
35... Nf5 $5 36. Bb6 Bxf4 (36... Rb7 37. Rxe4 $16) 37. Ne7+ (37. Rxe4 Be3+ 38.
Bxe3 Nxe3 39. Rxe8+ Qxe8 40. Qe2 f5 41. Rd4 Kf8 42. b4 Nxd5 43. Qxe8+ Kxe8 44.
Rxd5 Rxc6 $15) 37... Nxe7 38. Rxc7 Qf5 $15) 36. b4 (36. Rxe4 Rxe4 37. Qxe4 Rxb3
38. Bb6 Nf5 39. Re1 Kh7 $15) 36... Nf5 37. Bc1 e3 38. Re1 (38. Re4 Rb5 39. Bb2
Bg7 40. Bxg7 Kxg7 $17) 38... Rb5 39. Qd3 f6 {This move was criticized as it
exposes the black king, but no better alternative can be found. Black wants to
gain access to the d5-pawn by moving his queen to f7.} (39... Bg7 40. Re4 Rxe4
41. Qxe4 Bc3 42. Re2 Rxb4 43. Nxb4 Qa4 44. Rc2 Nd4 45. Qd3 Qxb4 46. Rxc3 Qxc3
47. Qxc3 Ne2+ 48. Kf1 Nxc3 49. Bxe3 Nxd5 50. Bd2 $11) (39... Qb7 40. Re4 Rxe4
41. Qxe4 Bg7 42. Bxe3 $14) 40. Re4 (40. Bxe3 Qf7 41. Re4 Rxe4 42. Qxe4 Qxd5 43.
Qxd5+ Rxd5 44. Bc1 Rb5 45. Kf1 $14) 40... Rxe4 41. Qxe4 Qf7 42. Nd4 {This
witty tactical move deserves at least some mild criticism. White would have
kept the better part of equality after 42.Rd1, now he will retain the lesser
part.} (42. Rd1 e2 43. Qxe2 Rxd5 44. Re1 Rb5 45. Bd2 $14) 42... Qxd5 (42...
Rxb4 $4 43. Nxf5 Rxe4 44. Nxh6+ $18) 43. Qe8+ Kh7 44. Nxf5 (44. Qd7+ Bg7 45.
Nxf5 gxf5 46. Qe8 Rxb4 47. Qh5+ $11) 44... Qxf5 45. Qxe3 Rxb4 46. Qxg3 Re4 {
It takes some courage to criticise the winner, but objectively speaking it
made more sense to advance the d-pawn.} (46... d5 $5 47. Bd2 Rb1 48. Rxb1 Qxb1+
49. Kf2 d4 $15) 47. Rxe4 Qxe4 48. Qe3 f5 49. Qxe4 $2 {[%mdl 16384] Leko must
have badly miscalculated the consequences of this tragic exchange. His king
had hoped to centralise first and level the chances, but it will not be
possible.} (49. Qa7+ $1 Bg7 50. Kh2 Qc2 51. Be3 Qc3 52. Qe7 Qe1 53. Qa7 Qc3 $11
) 49... fxe4 50. Kf2 d5 51. g4 (51. Be3 Bg7 52. Bb6 d4 53. Ke2 Kg8 54. g4 Kf7
$17) (51. Ke3 g5 $1 52. g3 (52. Kd4 gxf4 53. Kxd5 f3) 52... gxf4+ 53. gxf4 Bg7
54. Ba3 Kg6 $19) 51... d4 52. Bb2 Bg7 {It is most doubtful, whether white was
hoping for this prospect. Black's pawns are not accesible and the king marches
to the centre.} 53. Ba3 (53. Ke1 Kg8 $19) 53... Kg8 54. h4 Kf7 55. Bc5 Ke6 56.
h5 (56. Bb6 Bf6 57. h5 (57. Kg3 d3 58. Kf2 Bxh4+ 59. Ke3 Bg3 $19) 57... gxh5
58. gxh5 Kf5 59. Bc7 Bg7 60. Bd6 Kg4 $19) 56... gxh5 57. gxh5 d3 {The material
balance on the board should not fool anybody. Black enjoys the better pawn
structure and the active king.} 58. Ke3 (58. Be3 Kf5 59. Kg3 Bd4 $19) 58... Bh6
59. Bb4 Kd5 (59... Kf5 60. Bd6 Kg4 61. Be5 Bf8 (61... Kxh5 $2 62. Bc3 $11) 62.
Bc3 Kf5 63. Be5 Bc5+ 64. Kd2 Bb4+ 65. Ke3 Bxa5 66. Bd6 Bc3 $19) 60. Bd2 Bf8 61.
Bc1 (61. Kf2 Bc5+ 62. Ke1 e3 $19) 61... Bc5+ 62. Kd2 Kc4 63. h6 Bf2 $1 {
Looking for fine details in similar positions is a joy for stronger side.} (
63... e3+ 64. Kd1 e2+ 65. Ke1 Be7 66. Be3 Kc3 67. h7 Bh4+ 68. Bf2 d2+ 69. Kxe2
Kc2 70. Bxh4 d1=Q+ 71. Kf2 Qh5 $19) 64. Kd1 e3 65. Bxe3 Bxe3 66. h7 Bd4 0-1